000
00307nam a22001337a 4500
008
181105b xxu||||| |||| 00| 0 eng d
020
_a
9780130851512
041
_a
eng
080
_2
8th
_a
510
100
_a
36
101
_a
MAT
245
_a
Students solutions manual. Calculus
_c
Varberg
942
_2
udc
_c
BK
999
_c
51878
_d
51878